000 01376nam a22003137a 4500
001 1465
005 20231002135015.0
020 _a9789995054199
040 _aFISKH
_beng
_cFISKH
_dFISKH
082 _a631.87
100 _aKinal, Keo
245 _aការធ្វើជីកំប៉ុស្ដ /
250 _aបោះពុម្ពលើកទី ៩ ឆ្នាំ ២០២១​
260 _aPhnom Penh :
_bSipar,
_c2021.
300 _a24 pages :
_bcolor illustrations ;
_c28 cm
490 _aបំណិនជីវិត
505 _aZ'
520 _aបង្ហាញពីរ​បៀបធ្វើតាមបែបធម្មជាតិ របៀបប្រើប្រាស់ និងការរក្សាទុកជីកំប៉ុស្ដគោក និងជីកំប៉ុសទឹក។
520 _aDemonstrate how to use natural compost, how to use and store compost and water compost.
521 _a1120
_bLexile estimate
521 _aZ'
_bRaz-Plus
650 _aជីកំប៉ុស្ដ
_vរបៀបធ្វើ
_xធម្មជាតិ​
650 _aCompost
_vHow to make
_xNatural
700 _aDymong, Chin
_cAuthor
700 _aSophoanrith, Rou
_cAuthor
700 _aLyda, Hok
_cAuthor
700 _aSophaleap, Nhoek
_cillustrator
942 _2ddc
_cBK
_n0
999 _c1465
_d1465